[Event "BCF-ch Week1 AM op"]
[Site "Coventry"]
[Date "2015.07.27"]
[Round "1"]
[White "Jaunooby, Ali Reza"]
[Black "Tilston, Jamie D"]
[Result "1-0"]
[WhiteElo "2181"]
[BlackElo "1930"]
[PlyCount "71"]
[EventDate "2015.07.27"]
[EventType "swiss"]
[EventRounds "5"]
[EventCountry "ENG"]
[SourceTitle "EXT 2016"]
[Source "ChessBase"]
[SourceDate "2015.10.08"]
[SourceVersion "1"]
[SourceVersionDate "2015.10.08"]
[SourceQuality "1"]

1. d4 d5 2. Bf4 Nf6 3. e3 Bf5 4. c4 c6 5. Nc3 e6 6. Qb3 Qb6 7. c5 Qxb3 8. axb3 Nbd7 9. h3 Be7 10. b4 0-0 11. b5 Ne4 12. Nf3 f6 13. Nh4 g5 14. Nxf5 exf5 15. Bh2 a5 16. g4 Nxc3 17. bxc3 fxg4 18. hxg4 Rfe8 19. c4 Nxc5 20. dxc5 Bxc5 21. cxd5 Bb4+ 22. Ke2 cxd5 23. Bg2 Rad8 24. Bc7 Rd7 25. Bxa5 Bc5 26. Rad1 d4 27. Rd3 Rde7 28. Bd5+ Kg7 29. e4 b6 30. Rdh3 bxa5 31. Rxh7+ Kf8 32. Rh8+ Kg7 33. R1h7+ Kg6 34. Rh6+ Kg7 35. R8h7+ Kf8 36. Rxf6+ 1-0